000 00502nam a2200205Ia 4500
008 170918s9999 xx 000 0 und d
020 _a9780439551090
050 _bB852 2003
100 _aBridwell, Norman
245 _aCliddors's animal sounds /
245 _cby Norman Bridwell.
260 _aNew York :
260 _bScholastic,
260 _c2003
300 _aunpaged :
300 _bcolored illustration ;
300 _c13cm.
300 _eClifford the big red dog.
500 _aBR
999 _c343240
_d343240